[Event "Yerevan ol (Men)"]
[Site "Yerevan"]
[Date "1996.??.??"]
[Round "4"]
[White "Nogueiras, Jesus"]
[Black "Ye Jiangchuan"]
[Result "0-1"]
[WhiteElo "2535"]
[BlackElo "2540"]

1.Nf3 Nf6 2.c4 g6 3.d4 Bg7 4.g3 d5 5.Bg2 O-O 6.O-O dxc4 7.Na3 Na6 8.Nxc4 c5
9.b3 Bf5 10.Bb2 Be4 11.e3 cxd4 12.Qxd4 Nb4 13.Rfd1 Nd3 14.Ba3 Re8 15.Qxd8 Raxd8
16.Nd4 Nxf2 17.Kxf2 Ng4+ 18.Kg1 Bxg2 19.Kxg2 Nxe3+ 20.Nxe3 Bxd4 21.Rxd4 Rxd4
22.Kf3 Rd7 23.Re1 f6 24.Re2 Rc8 25.Bb2 Kf7 26.g4 Rcd8 27.h4 Rd2 28.g5 R8d6
29.Bc3 R2d3 30.Bb2 Ra6 31.Ke4 Rd7 32.Bc3 Re6+ 33.Kf3 Rd3 34.Bb2 f5 35.Kf2 Re4
36.Ng2 Rxe2+ 37.Kxe2 Rg3 38.Kf2 Rg4 39.Kf3 Re4 40.Nf4 Re1 41.Ng2 Rf1+ 42.Ke2 Rb1
43.Bd4 a6 44.Be5 Ke6 45.Bc3 Kd5 46.Be1 Kd4 47.Ne3  0-1

[Event "Yerevan ol (Men)"]
[Site "Yerevan"]
[Date "1996.??.??"]
[Round "7"]
[White "Yermolinsky, Alex"]
[Black "Ye Jiangchuan"]
[Result "1/2-1/2"]
[WhiteElo "2610"]
[BlackElo "2540"]

1.d4 Nf6 2.c4 g6 3.Nc3 Bg7 4.e4 d6 5.Be2 O-O 6.Bg5 Na6 7.f4 c6 8.Bf3 Qb6
9.Qd2 e5 10.fxe5 dxe5 11.d5 Qd4 12.b3 cxd5 13.cxd5 Nc5 14.Be3 Qxd2+ 15.Kxd2 b6
16.Nge2 Bd7  1/2-1/2

[Event "Yerevan ol (Men)"]
[Site "Yerevan"]
[Date "1996.??.??"]
[Round "8"]
[White "Ye Jiangchuan"]
[Black "Azmaiparashvili, Zurab"]
[Result "1/2-1/2"]
[WhiteElo "2540"]
[BlackElo "2670"]

1.e4 e5 2.Nf3 Nc6 3.Bb5 a6 4.Ba4 d6 5.c3 Bd7 6.d4 g6 7.O-O Bg7 8.d5 Nce7
9.Bxd7+ Qxd7 10.c4 h6 11.Nc3 f5 12.exf5 gxf5 13.Nh4 Bf6 14.f4 e4 15.Be3 Bxh4
16.Qh5+ Ng6 17.Qxg6+ Qf7 18.Qxf7+ Kxf7 19.Rac1 Bf6 20.Ne2 Ne7 21.Rfd1 Rhd8
22.Rd2 Rac8 23.b3  1/2-1/2

[Event "Yerevan ol (Men)"]
[Site "Yerevan"]
[Date "1996.??.??"]
[Round "12"]
[White "Short, Nigel D"]
[Black "Ye Jiangchuan"]
[Result "1/2-1/2"]
[WhiteElo "2695"]
[BlackElo "2540"]

1.e4 c5 2.Nf3 e6 3.c3 d5 4.exd5 exd5 5.d4 Nc6 6.Bb5 Bd6 7.dxc5 Bxc5 8.O-O Ne7
9.Nbd2 O-O 10.Nb3 Bd6 11.Bd3 h6 12.h3 Nf5 13.Re1 Qf6 14.Bc2 Rd8 15.Qd3 g6
16.Bd2 Nh4 17.Nbd4 Nf5 18.Bb3 Bc5 19.Be3 Nxe3 20.Qxe3 Kg7 21.Rad1 Bb6 22.Qd3 a6
23.Re2 Be6 24.Nxe6+ fxe6 25.Rde1 Rd6 26.Qd2 Rf8 27.Ba4 Nd8 28.Ne5 Nf7 29.Ng4 Qe7  1/2-1/2

[Event "TCN Cup 3rd "]
[Site "Beijing"]
[Date "1997.08.13"]
[Round "4"]
[White "Ye Jiangchuan"]
[Black "Lin Weiguo"]
[Result "1-0"]
[WhiteElo "2530"]
[BlackElo "2470"]

1.e4 c5 2.Nf3 d6 3.d4 cxd4 4.Nxd4 Nf6 5.Nc3 a6 6.Be2 e5 7.Nb3 Be7 8.O-O O-O
9.Kh1 Nbd7 10.a4 b6 11.Be3 Bb7 12.f3 Rc8 13.Rf2 Rc7 14.Bf1 Qa8 15.Rd2 h6
16.Nc1 Rxc3 17.bxc3 d5 18.c4 dxe4 19.Rxd7 Nxd7 20.Qxd7 exf3 21.Kg1 fxg2 22.Bd3 Bc5
23.Bxc5 bxc5 24.Nb3 Bc6 25.Qf5 e4 26.Be2 Qe8 27.a5 g6 28.Qf6 Qd7 29.Rd1 Qh3
30.Qf4 g5 31.Qg3 Qxg3 32.hxg3 f5 33.Rd6 Ba8 34.Nxc5 f4 35.gxf4 gxf4 36.Nd7 f3
37.Rg6+ Kf7 38.Nxf8 fxe2 39.Kf2 Kxf8 40.Kxe2 e3 41.Kxe3 Kf7 42.Rg4 h5 43.Rf4+ Kg6
44.Kf2 Kg5 45.Rf8 Be4 46.Re8  1-0

[Event "TCN Cup 3rd "]
[Site "Beijing"]
[Date "1997.08.15"]
[Round "6"]
[White "Ye Jiangchuan"]
[Black "Xie Jun"]
[Result "1-0"]
[WhiteElo "2530"]
[BlackElo "2495"]

1.e4 e5 2.Nf3 Nc6 3.Nc3 Nf6 4.g3 d5 5.exd5 Nxd5 6.Bg2 Nxc3 7.bxc3 Bd6 8.O-O O-O
9.Rb1 Rb8 10.d4 exd4 11.cxd4 Ne7 12.c4 c6 13.Ng5 Bf5 14.Rb3 Qd7 15.Ne4 Bc7
16.d5 Rfd8 17.Bb2 Ng6 18.Qa1 cxd5 19.cxd5 Bxe4 20.Bxe4 Re8 21.Re3 Bb6 22.Bd4 Qd6
23.Rfe1 Rec8 24.Bxg7 Bxe3 25.Rxe3 Re8 26.Bh6 Qe5 27.Qd1 Qf6 28.Qg4 Kh8 29.h4 Ne5
30.Qf4 Ng4 31.Qxg4 Qxh6 32.Qd7 Qf6 33.Kg2 Re7 34.Qa4 Rbe8 35.Rf3 Qe5 36.Rf4 a6
37.Qb4 Rd7 38.Bf3 Red8 39.Qb6 Rg8 40.Re4 Qc3 41.Re3 Qa1 42.h5 f5 43.Qe6 Rdg7
44.Re5 Qc1 45.Rxf5 Qb2 46.Be2 Rg5 47.Rf7 Qe5 48.Bf3 Qxe6 49.dxe6 Re8 50.h6 Kg8
51.Rd7 Rxe6 52.Bd5 Rxd5 53.Rxd5 b5 54.Rd7 Rxh6 55.Ra7 Rc6 56.a3 Rb6 57.f4 Rg6
58.Kh3 Rh6+ 59.Kg4 Rg6+ 60.Kh3 Rh6+ 61.Kg2 Rg6 62.f5 Rf6 63.g4 h5 64.Kg3 hxg4
65.Kxg4 Rb6 66.Kg5 b4 67.f6  1-0

[Event "TCN Cup 3rd "]
[Site "Beijing"]
[Date "1997.08.19"]
[Round "1"]
[White "Ye Jiangchuan"]
[Black "Zhang Zhong"]
[Result "1/2-1/2"]
[WhiteElo "2530"]
[BlackElo "2475"]

1.e4 c5 2.Nf3 d6 3.d4 cxd4 4.Nxd4 Nf6 5.Nc3 a6 6.Be2 e5 7.Nb3 Be7 8.O-O O-O
9.Kh1 Qc7 10.f4 b5 11.fxe5 dxe5 12.Bg5 Nbd7 13.Bd3 h6 14.Bh4 Bb7 15.Qe1 Rfe8
16.a4 b4 17.Nd1 a5 18.Ne3 g6 19.Qf2 Rf8 20.Qe2 Kg7 21.Rf3 Nb6 22.Nd2 Nh5
23.Qf2 Bg5 24.b3 Nf4 25.Rf1 Rad8 26.Bg3 h5 27.Bh4 f6 28.Qg3 Bxh4 29.Qxh4 Bc8
30.Ndc4 Nxc4 31.Bxc4 Rd4 32.Nd5 Nxd5 33.Bxd5 Ba6 34.Rxf6 Bxf1 35.Rxf8 Kxf8
36.Qf6+ Ke8 37.Qxg6+ Ke7 38.Qe6+ Kd8  1/2-1/2

[Event "TCN Cup 3rd "]
[Site "Beijing"]
[Date "1997.08.20"]
[Round "11"]
[White "Alterman, Boris"]
[Black "Ye Jiangchuan"]
[Result "1/2-1/2"]
[WhiteElo "2615"]
[BlackElo "2530"]

1.d4 Nf6 2.c4 g6 3.Nc3 Bg7 4.e4 d6 5.Bg5 O-O 6.Qd2 Na6 7.Bd3 e5 8.d5 c6 9.Nge2 Nc5
10.Bc2 cxd5 11.cxd5 a5 12.O-O Bd7 13.a3 Qb6 14.Rab1 a4 15.Kh1 Ng4 16.h3 f6
17.Bh4 Nh6 18.f3 Nf7 19.Bf2 Bh6 20.Qd1 Qa5 21.Nc1 Rfc8 22.Nd3 Kh8 23.Qe2 Qd8
24.Rfd1 Qe8 25.Qf1 Ra6 26.Qg1 Bf8 27.Be3 Ra5 28.Qe1 Ra6 29.Qd2 Bg7 30.Rf1 Qf8
31.Rbe1 Qe8 32.Qd1 Raa8 33.Re2 Ra6 34.Qd2 Raa8 35.Ref2 Ra6 36.Nb4 Raa8 37.Nd3 Ra6
38.Qe2 Raa8 39.Qd1 Ra6 40.Qe1 Raa8 41.Bb1 Nb3 42.f4 exf4 43.Rxf4 Qe7 44.Bc2 Ne5
45.Nxe5 dxe5 46.R4f2 Nd4 47.Bd3 Qd6 48.Bxd4 exd4 49.Ne2 Re8 50.Qd1 Qb6 51.Ng1 Re7
52.Nf3 Rae8 53.Qd2 Qd6 54.Nxd4  1/2-1/2

[Event "ST Lee Cup 4th"]
[Site "Beijing"]
[Date "1997.08.23"]
[Round "1"]
[White "Ye Jiangchuan"]
[Black "Li Shilong"]
[Result "1/2-1/2"]
[WhiteElo "2530"]
[BlackElo "2335"]

1.e4 e5 2.Nf3 Nc6 3.Nc3 Nf6 4.g3 Bc5 5.Bg2 d6 6.d3 Nd4 7.h3 Nxf3+ 8.Qxf3 c6
9.O-O Be6 10.Be3 Bb6 11.Qe2 O-O 12.Kh2 Re8 13.f4 Bxe3 14.Qxe3 d5 15.Qf3 dxe4
16.dxe4 Qa5 17.f5 Bc4 18.Rfd1 Rad8 19.Qe3 Qb4 20.b3 Ba6 21.a3 Rxd1 22.axb4 Rxa1
23.Qd2 h6 24.g4 Kh7 25.Bf3 g5 26.fxg6+ fxg6 27.Nd1 Re7 28.c4 Rd7 29.Qb2 Raxd1
30.Bxd1 Nxe4 31.Bc2 Rd2+ 32.Kg1 Ng5 33.Qc3 e4 34.Kf1 e3 35.Bxg6+ Kxg6 36.Qxe3 Rd6
37.Qe8+ Nf7 38.b5 cxb5 39.cxb5 Bxb5+ 40.Qxb5 b6 41.Qa6 h5 42.gxh5+ Kxh5 43.Qxa7 Kg6
44.Qc7 Kg7 45.Ke2 Kg8 46.Ke3 Kg7 47.Ke4 Kg8 48.Kf5 Kg7 49.Qc3+ Kg8 50.Qg3+ Kf8
51.Ke4 Ke7 52.h4 Kf8 53.Qc3 Kg8 54.Qc8+ Kg7 55.Qc7 Kg8 56.b4 Kg7 57.h5 Kg8
58.Qc8+ Kg7 59.Qg4+ Kf8 60.Qg3 Ke7 61.Qg8 Rd8 62.Qg7 Rd6 63.Kf5 Rd5+ 64.Kg4 Rd6
65.Kf4 Rf6+ 66.Ke3 Rd6 67.Ke4 Ke8 68.Qc3 Kf8 69.Qc7 Kg7 70.Qe7 Kg8 71.h6 Rxh6
72.Kd5 Rh5+ 73.Kc6 Re5  1/2-1/2

[Event "ST Lee Cup 4th"]
[Site "Beijing"]
[Date "1997.08.24"]
[Round "2"]
[White "Wang Zili"]
[Black "Ye Jiangchuan"]
[Result "1/2-1/2"]
[WhiteElo "2520"]
[BlackElo "2530"]

1.e4 c5 2.Nf3 d6 3.d4 cxd4 4.Nxd4 Nf6 5.Nc3 a6 6.Be3 e5 7.Nb3 Be6 8.f3 Be7
9.Qd2 h5 10.O-O-O Nbd7 11.Nd5 Nxd5 12.exd5 Bf5 13.Kb1 Rc8 14.Bd3 Bxd3 15.Qxd3 Qc7
16.Nd2 Nc5 17.Bxc5 Qxc5 18.Rhe1 Qc7 19.f4 exf4 20.Qe4 Kf8 21.c3 Rh6 22.Qxf4 Rf6
23.Qe4 Qd7 24.Ka1 Re8 25.Qh7 Rh6 26.Qd3 Bh4 27.Rxe8+ Qxe8 28.Nf3 Be7 29.Qf5 h4
30.Re1 Qd8 31.Kb1 Bf6 32.Rf1 g6 33.Qe4 Kg7 34.g4 hxg3 35.hxg3 Qd7 36.g4 Rh8
37.Nd4 Re8 38.Qf4 Qe7 39.Nc2 Qe5 40.Qf3 Qg5 41.a4 Re5 42.Rd1 Kf8 43.Rf1 Kg7
44.Rd1 Re7 45.Rf1 Re8 46.Rh1 Kg8 47.Rf1 Kg7  1/2-1/2

[Event "ST Lee Cup 4th"]
[Site "Beijing"]
[Date "1997.08.28"]
[Round "5"]
[White "Ye Jiangchuan"]
[Black "Tong Yuanming"]
[Result "1/2-1/2"]
[WhiteElo "2530"]
[BlackElo "2510"]

1.e4 c5 2.Nf3 d6 3.d4 cxd4 4.Nxd4 Nf6 5.Nc3 Nc6 6.Bg5 Qb6 7.Nb3 e6 8.Bxf6 gxf6
9.Be2 Bd7 10.O-O a6 11.Kh1 Rg8 12.f4 O-O-O 13.Bh5 Rg7 14.Qe2 Na5 15.Rab1 Nxb3
16.cxb3 Be7 17.Rbc1 Kb8 18.Rc2 Bc6 19.Bf3 Rdg8 20.Rfc1 Bd8 21.Na4 Qb5 22.Qd1 Be7
23.Qe1 Bd8 24.Qe3 e5 25.f5 Qa5 26.Rxc6 bxc6 27.Rxc6 Qb5 28.Rc4 Ba5 29.Qd3 Rd8
30.Qc2 Rgg8 31.Be2 Qb7 32.a3 Rc8 33.b4  1/2-1/2

[Event "ST Lee Cup 4th"]
[Site "Beijing"]
[Date "1997.08.30"]
[Round "6"]
[White "Lin Weiguo"]
[Black "Ye Jiangchuan"]
[Result "1/2-1/2"]
[WhiteElo "2470"]
[BlackElo "2530"]

1.d4 Nf6 2.c4 g6 3.Nf3 Bg7 4.g3 O-O 5.Bg2 d5 6.cxd5 Nxd5 7.O-O Nb6 8.Nc3 Nc6
9.d5 Na5 10.e4 c6 11.Bf4 cxd5 12.exd5 Nac4 13.Qe2 Bf5 14.Rac1 Rc8 15.Nh4 Bd7
16.b3 Nd6 17.Be5 Bg4 18.f3 Bxe5 19.Qxe5 Bd7 20.f4 Re8 21.a4 a5 22.Ne4 Bg4
23.h3 Nd7 24.Qd4 Nxe4 25.Qxe4 Qb6+ 26.Kh2 Nf6 27.Qd3 Bd7 28.Rxc8 Rxc8 29.Re1 Qd6
30.Rd1 Rc5 31.Qd4 Rc2 32.Nf3 Qb4 33.Qxb4 axb4 34.Rd2 Rc3 35.Ne5 Bf5 36.d6 exd6
37.Rxd6 Rc2 38.Kg1 Rc1+ 39.Kh2 Rc2 40.Kg1  1/2-1/2

[Event "ST Lee Cup 4th"]
[Site "Beijing"]
[Date "1997.08.31"]
[Round "7"]
[White "Ye Jiangchuan"]
[Black "Wang Yaoyao"]
[Result "1/2-1/2"]
[WhiteElo "2530"]
[BlackElo "2430"]

1.e4 c5 2.Nf3 d6 3.d4 cxd4 4.Nxd4 Nf6 5.Nc3 a6 6.Be2 e5 7.Nb3 Be7 8.O-O O-O
9.Kh1 Be6 10.f4 exf4 11.Bxf4 Nc6 12.Qe1 Ne5 13.Rd1 Qc7 14.Nd4 b5 15.a3 Rac8
16.Qg3 Rfe8 17.Bg5 Kh8 18.Nf5 Bxf5 19.Rxf5 Qc6 20.Bd3 Nfd7 21.Be3 Bf8 22.Bd4 Re6
23.Rdf1 Rf6 24.h3 Rxf5 25.Rxf5 Re8 26.Nd5 Kg8 27.Qf2 Qc8 28.Rf4 Re6 29.Bc3 Qb7
30.Be2 Nc5 31.Bf3 Nxf3 32.gxf3 Qc8 33.Rg4 Nd7 34.Kh2 Ne5 35.Rg3 Ng6 36.Rg2 Qd8
37.f4 Rxe4 38.Qf3 f5 39.Qh5 Qe8 40.Qxf5 Re2 41.Qd3 Rxg2+ 42.Kxg2 Qe6 43.Kg3 Ne7
44.Nxe7+ Bxe7 45.f5 Qh6 46.Qe4 Qg5+ 47.Kf3 Kf8 48.Qg4 Qh6 49.Bd4 d5 50.Ke2 Kf7
51.Kd3 Bf8 52.Qg2 Qc6 53.b3  1/2-1/2

[Event "Geneve op"]
[Site "Geneve"]
[Date "1997.??.??"]
[Round "1"]
[White "Ye Jiangchuan"]
[Black "Caruso, Daniele"]
[Result "1-0"]
[WhiteElo "2510"]
[BlackElo "2150"]

1.e4 e6 2.d4 d5 3.Nd2 Nf6 4.e5 Nfd7 5.c3 c5 6.Bd3 Nc6 7.Ne2 cxd4 8.cxd4 f6
9.exf6 Nxf6 10.O-O Bd6 11.Nf3 Qc7 12.Nc3 a6 13.Bg5 O-O 14.Bh4 Nh5 15.Rc1 g6
16.Na4 Bd7 17.a3 Rae8 18.Re1 Bf4 19.Rc3 Qd6 20.Nc5 Bc8 21.Bg3 Nxg3 22.hxg3 Bh6
23.Ne5 Nxe5 24.dxe5 Qe7 25.Nb3 Qg5 26.Qe2 Bd7 27.Rcc1 Qd8 28.Rc3 Qb6 29.Nc5 Rf7
30.Qc2 Bb5 31.Bxb5 Qxb5 32.Re2 Rc7 33.a4 Qb6 34.Ne4 Rxc3 35.Nf6+ Kh8 36.Qxc3 Ra8
37.Rc2 Bg7 38.g4 Bxf6 39.exf6 Kg8 40.Qe5 Rf8 41.g5 Rd8 42.Rc7 Qd6 43.f7+  1-0

[Event "Geneve op"]
[Site "Geneve"]
[Date "1997.??.??"]
[Round "2"]
[White "Gerber, Richard"]
[Black "Ye Jiangchuan"]
[Result "0-1"]
[WhiteElo "2360"]
[BlackElo "2510"]

1.d4 Nf6 2.c4 g6 3.Nc3 Bg7 4.Bg5 d6 5.e3 O-O 6.Be2 c5 7.Nf3 cxd4 8.exd4 h6
9.Bh4 Nh5 10.Qd2 f5 11.Ng1 Nf6 12.Bxf6 Rxf6 13.h4 Rf8 14.Bf3 Nc6 15.Nge2 e5
16.dxe5 dxe5 17.Bd5+ Kh8 18.O-O-O Ne7 19.Kb1 Qb6 20.Na4 Qc7 21.f4 Nxd5 22.cxd5 Qd6
23.h5 g5 24.fxg5 f4 25.g6 b5 26.Nac3 Bf5+ 27.Ka1 b4 28.Nb1 Rfd8 29.Rc1 Be4
30.Rhd1 a5 31.g3 f3 32.Ng1 Rac8 33.Rxc8 Rxc8 34.Qe3 Bc2 35.Rc1 e4 36.Qd2 Bxb2+
37.Kxb2 Qe5+  0-1

[Event "Geneve op"]
[Site "Geneve"]
[Date "1997.??.??"]
[Round "3"]
[White "Ye Jiangchuan"]
[Black "Tkachiev, Vladislav"]
[Result "0-1"]
[WhiteElo "2510"]
[BlackElo "2630"]

1.e4 e5 2.Nf3 Nc6 3.Bb5 a6 4.Ba4 Nf6 5.O-O b5 6.Bb3 Bc5 7.a4 Rb8 8.axb5 axb5
9.Nxe5 Nxe5 10.d4 Bxd4 11.Qxd4 d6 12.f4 Nc6 13.Qc3 Ne7 14.Ra7 Bb7 15.f5 O-O
16.Bg5 Nxe4 17.Qe3 Nxg5 18.Qxg5 d5 19.f6 Ng6 20.h4 c5 21.h5 c4 22.Kh1 cxb3
23.hxg6 hxg6 24.cxb3 Re8 25.Nd2 d4 26.Qh4 gxf6 27.Qh6 Re5 28.Kg1 d3  0-1

[Event "Geneve op"]
[Site "Geneve"]
[Date "1997.??.??"]
[Round "5"]
[White "Ye Jiangchuan"]
[Black "Forster, Richard"]
[Result "1/2-1/2"]
[WhiteElo "2510"]
[BlackElo "2365"]

1.e4 c5 2.Nf3 d6 3.d4 cxd4 4.Nxd4 Nf6 5.Nc3 a6 6.Be3 Ng4 7.Bg5 h6 8.Bh4 g5
9.Bg3 Bg7 10.Qd2 Nc6 11.Nb3 b5 12.f3 Nge5 13.Bf2 Na5 14.Nxa5 Qxa5 15.O-O-O Be6
16.Kb1 Nc4 17.Bxc4 Bxc3 18.Qxc3 Qxc3 19.bxc3 Bxc4  1/2-1/2

[Event "Geneve op"]
[Site "Geneve"]
[Date "1997.??.??"]
[Round "6"]
[White "Epishin, Vladimir"]
[Black "Ye Jiangchuan"]
[Result "1/2-1/2"]
[WhiteElo "2600"]
[BlackElo "2510"]

1.d4 Nf6 2.c4 g6 3.Nc3 Bg7 4.e4 d6 5.Nf3 O-O 6.Be2 e5 7.O-O Nc6 8.d5 Ne7
9.b4 Nh5 10.Re1 Nf4 11.Bf1 a5 12.bxa5 Rxa5 13.Nd2 c5 14.a4 Ra6 15.Nb3 b6
16.a5 bxa5 17.Ra4 Nh5 18.Bd2 f5 19.Qa1 Nf6 20.f3 Bd7 21.Nb5 Nc8 22.Rxa5 Rb6
23.Ra8 fxe4 24.fxe4 Ng4 25.h3 Qh4 26.hxg4 Qf2+ 27.Kh1  1/2-1/2

[Event "Geneve op"]
[Site "Geneve"]
[Date "1997.??.??"]
[Round "7"]
[White "Ye Jiangchuan"]
[Black "Minnebo, Alain"]
[Result "1-0"]
[WhiteElo "2510"]
[BlackElo "2280"]

1.e4 c5 2.Nf3 d6 3.d4 Nf6 4.Nc3 cxd4 5.Nxd4 e6 6.g4 e5 7.Bb5+ Bd7 8.Bxd7+ Qxd7
9.Nf5 h5 10.gxh5 Nxh5 11.Bh6 Nc6 12.Qxh5 Ne7 13.Nxe7 Bxe7 14.O-O-O Rxh6 15.Qe2 O-O-O
16.Kb1 Kb8 17.Nd5 Rdh8 18.f3 Bd8 19.Ne3 Bc7 20.a3 Re6 21.Nc4 Rc8 22.Rd5 Qc6
23.Rhd1 a6 24.R1d2 Rh8 25.Ne3 g6 26.R2d3 Bb6 27.Rc3 Qa4 28.Nc4 Bd4 29.Rb3 Bc5
30.Qd3 Rc8 31.Nxd6  1-0

[Event "Geneve op"]
[Site "Geneve"]
[Date "1997.??.??"]
[Round "8"]
[White "Ye Jiangchuan"]
[Black "Cvitan, Ognjen"]
[Result "1/2-1/2"]
[WhiteElo "2510"]
[BlackElo "2550"]

1.d4 Nf6 2.Nf3 e6 3.Bg5 c5 4.e3 Nc6 5.Nbd2 cxd4 6.exd4 Be7 7.c3 b6 8.Bd3 Bb7
9.O-O O-O 10.Re1 Nd5  1/2-1/2

[Event "Geneve op"]
[Site "Geneve"]
[Date "1997.??.??"]
[Round "9"]
[White "Renet, Olivier"]
[Black "Ye Jiangchuan"]
[Result "1/2-1/2"]
[WhiteElo "2505"]
[BlackElo "2510"]

1.e4 c5 2.Nf3 e6 3.d4 cxd4 4.Nxd4 a6 5.Nc3 Qc7 6.Be2 Nf6 7.O-O Be7 8.f4 d6
9.Be3 O-O 10.g4 d5 11.e5 Ne4 12.Bd3 Nc5 13.g5 Nxd3 14.cxd3 Nc6 15.Rc1 Bd7
16.Nxc6 Bxc6 17.Bd4 Qa5 18.a3 Bc5 19.Bxc5 Qxc5+ 20.d4 Qb6 21.Rf2 Rac8 22.Rd2 Bd7
23.Kf2 a5 24.Ke3 Rc4 25.b3 Rc7 26.Ne2 Rfc8 27.Rxc7 Qxc7 28.Rd3 Qd8 29.Rc3 Rxc3+
30.Nxc3 Qc7 31.Qc1 h6 32.h4 hxg5 33.fxg5 Qd8  1/2-1/2

[Event "ENG-CHN"]
[Site "London"]
[Date "1997.??.??"]
[Round "1"]
[White "Ye Jiangchuan"]
[Black "McDonald, Neil R"]
[Result "1-0"]
[WhiteElo "2510"]
[BlackElo "2490"]

1.e4 e6 2.d4 d5 3.Nd2 c5 4.exd5 Qxd5 5.Ngf3 cxd4 6.Bc4 Qd6 7.O-O Nf6 8.Nb3 Nc6
9.Nbxd4 Nxd4 10.Nxd4 Bd7 11.c3 Qc7 12.Qe2 Be7 13.Nb5 Qc6 14.Bf4 O-O 15.Rad1 a6
16.Nd4 Qc5 17.Be5 b5 18.Bd3 Rfe8 19.Rfe1 Nd5 20.Be4 Rad8 21.Rd3 g6 22.Qd2 b4
23.Rf3 bxc3 24.bxc3 Bf8 25.h4 Bc8 26.h5 f6 27.hxg6 Bg7 28.Bxd5 fxe5 29.Bxe6+ Kh8
30.Rh3 Bxe6 31.Nxe6 Rxd2 32.Rxh7+ Kg8 33.Rxg7+ Kh8 34.Rh7+  1-0

[Event "ENG-CHN"]
[Site "London"]
[Date "1997.??.??"]
[Round "2"]
[White "Ward, Christopher"]
[Black "Ye Jiangchuan"]
[Result "1-0"]
[WhiteElo "2490"]
[BlackElo "2510"]

1.d4 Nf6 2.c4 g6 3.Nc3 Bg7 4.e4 d6 5.f3 O-O 6.Be3 c5 7.Nge2 Nc6 8.d5 Ne5
9.Ng3 h5 10.Be2 h4 11.Nf1 e6 12.f4 Neg4 13.Bxg4 Nxg4 14.Qxg4 exd5 15.f5 d4
16.Nd5 gxf5 17.exf5 Re8 18.O-O-O dxe3 19.Nfxe3 Kf8 20.Qf4 Be5 21.Qh6+ Bg7
22.Qf4 Be5 23.Qh6+ Bg7 24.Qh5 Rxe3 25.f6 Re5 26.Qxh4 Bf5 27.Rhe1 Re6 28.Rxe6 fxe6
29.fxg7+ Kxg7 30.Qg3+ Kh8 31.Ne3 Qf6 32.Rxd6 Bh7 33.Ng4 Qg5+ 34.Kd1 Rg8 35.Qc3+ Rg7
36.Nf6 e5 37.Rd8+ Rg8 38.Rxg8+ Bxg8 39.Nxg8 Qg4+ 40.Kc1 Qf4+ 41.Kc2 Qe4+
42.Kb3 Kxg8 43.Qf3 Qd4 44.Qd5+ Kf8 45.g4 a6 46.h4 Qxg4 47.Qxc5+ Ke8 48.Qxe5+ Kd7
49.h5 Qf3+ 50.Kb4 Qf8+ 51.c5 Qf2 52.Ka5 Qf7 53.Kb6 Qxa2 54.h6 Qb3+ 55.Ka7 Qh3
56.Qg7+ Kc6 57.h7  1-0

[Event "ENG-CHN"]
[Site "London"]
[Date "1997.??.??"]
[Round "3"]
[White "Ye Jiangchuan"]
[Black "Arkell, Keith C"]
[Result "1/2-1/2"]
[WhiteElo "2510"]
[BlackElo "2545"]

1.e4 e6 2.d4 d5 3.Nd2 dxe4 4.Nxe4 Bd7 5.Nf3 Bc6 6.Bd3 Nd7 7.O-O Ngf6 8.Ng3 Be7
9.b3 O-O 10.Bb2 Re8 11.c4 Bxf3 12.Qxf3 c6 13.Rfe1 Bf8 14.Re2 g6 15.Rae1 Bg7
16.h4 h5 17.Ne4 Nxe4 18.Rxe4 Nc5 19.dxc5 Bxb2 20.Qh3  1/2-1/2

[Event "ENG-CHN"]
[Site "London"]
[Date "1997.??.??"]
[Round "6"]
[White "Arkell, Keith C"]
[Black "Ye Jiangchuan"]
[Result "1/2-1/2"]
[WhiteElo "2545"]
[BlackElo "2510"]

1.d4 Nf6 2.Nf3 g6 3.b4 Bg7 4.Bb2 O-O 5.e3 d6 6.Nbd2 Nbd7 7.Rb1 e6 8.Bd3 Qe7
9.O-O e5 10.e4 Nh5 11.Re1 Nf4 12.Bf1 exd4 13.Bxd4 Ne5 14.Nxe5 Bxe5 15.Nc4 Rd8
16.Be3 Be6 17.Qd2 Qf6 18.Nxe5 dxe5 19.Qc3 Rd7 20.Rbd1 Rad8 21.Rxd7 Rxd7 22.a4 a6
23.b5 axb5 24.Bxb5 c6 25.Bf1 h5 26.a5 Kh7 27.a6 bxa6 28.Qxc6 Qe7 29.Bxa6 Qb4
30.c3 Qa5 31.Rc1 Qd8 32.Bf1 Rd1 33.Rxd1 Qxd1 34.Bxf4 exf4 35.Qb5 f3 36.Qd3 Qc1
37.h3 h4 38.Kh2 Qe1 39.c4 Kh6 40.Qe3+ Qxe3 41.fxe3 fxg2 42.Kxg2 Kg5 43.c5 Kf6
44.c6 Ke5 45.c7 Bc8 46.Bc4 f6 47.Bf7 g5 48.Bg6 Kd6 49.Bf5 Bxf5 50.exf5 Kxc7
51.e4 Kd7 52.Kf2 Kd6 53.Ke2  1/2-1/2

[Event "Beijing m g/25"]
[Site "Beijing"]
[Date "1998.05.15"]
[Round "?"]
[White "Ye Jiangchuan"]
[Black "Karpov, Anatoly"]
[Result "0-1"]
[WhiteElo "2530"]
[BlackElo "2735"]

1.e4 c6 2.d4 d5 3.Nc3 dxe4 4.Nxe4 Nd7 5.Nf3 Ngf6 6.Ng3 e6 7.Bd3 c5 8.O-O Be7
9.Qe2 O-O 10.Rd1 Qc7 11.c4 cxd4 12.Nxd4 a6 13.b3 Bd6 14.Bb2 Re8 15.Nf3 h6
16.Bc2 b6 17.Qd3 Be7 18.Nh5 g6 19.Qe3 Nxh5 20.Bxg6 Bg5 21.Qe4 Nhf6 22.Qxa8 Bb7
23.Qxe8+ Nxe8 24.Nxg5 hxg5 25.Bd3 Nef6 26.Be2 Kh7 27.Rd2 Ne4 28.Rd3 Ne5 29.Rh3+ Kg7
30.Re1 f6 31.Re3 Qc5 32.Bf3 Nxf3+ 33.gxf3 Nd2 34.R1e2 Nxf3+ 35.Kf1 e5 36.h3 Kg6
37.Bc3 Qd6 38.Be1 Qd1  0-1

[Event "Tan Chin Nam"]
[Site "Beijing"]
[Date "1998.06.09"]
[Round "2"]
[White "Ye Jiangchuan"]
[Black "Kudrin, Sergey"]
[Result "1-0"]
[WhiteElo "2530"]
[BlackElo "2565"]

1.e4 c5 2.Nf3 d6 3.d4 cxd4 4.Nxd4 Nf6 5.Nc3 g6 6.Be3 Bg7 7.f3 Nc6 8.Qd2 Be6
9.O-O-O Rc8 10.Kb1 Qa5 11.Nb3 Bxb3 12.cxb3 O-O 13.g4 Rfd8 14.Be2 e6 15.g5 Ne8
16.a3 Rd7 17.f4 d5 18.b4 Qd8 19.e5 d4 20.Ne4 Rd5 21.Bf2 b5 22.Rc1 Bf8 23.h4 a5
24.h5 axb4 25.hxg6 fxg6 26.Bg4 Qd7 27.Qd3 Nd8 28.Rxc8 Qxc8 29.axb4 Bxb4 30.Qb3 Qc4
31.Qh3 Ng7 32.Rc1 Bc3 33.Nf6+ Kf7 34.Qxh7 Qd3+ 35.Ka2 Qd2 36.Qg8+ Ke7 37.Qxg7+ Nf7
38.Nxd5+ exd5 39.Rxc3 dxc3 40.Bc5+ Kd8 41.Qf8+  1-0

[Event "Tan Chin Nam"]
[Site "Beijing"]
[Date "1998.06.10"]
[Round "3"]
[White "Liang Chong"]
[Black "Ye Jiangchuan"]
[Result "1/2-1/2"]
[WhiteElo "2405"]
[BlackElo "2530"]

1.d4 Nf6 2.c4 g6 3.Nc3 Bg7 4.e4 d6 5.Nf3 O-O 6.h3 Na6 7.Bg5 e5 8.d5 Qe8 9.g4 Kh8
10.Nd2 Ng8 11.Be2 f5 12.gxf5 gxf5 13.Bh5 Qd7 14.Qe2 Nf6 15.O-O-O Nxh5 16.Qxh5 Nc5
17.Qe2 a6 18.Be3 Na4 19.Ndb1 Nxc3 20.Nxc3 f4 21.Bd2 Qf7 22.Rdg1 Bd7 23.Kb1 Bf6
24.f3 Rg8 25.Rxg8+ Rxg8 26.Be1 Qg6 27.Kc1 Qg2 28.Rh2 Qg1 29.Qf2 Be8 30.Qxg1 Rxg1
31.Kd2 Bh5 32.Bf2 Ra1 33.Ke2 b6 34.h4 h6 35.a3 Kh7 36.Rh3 Kg7 37.Be1 Be8
38.Rh1 h5 39.Rg1+ Kf7 40.Rf1 Bd7  1/2-1/2

[Event "Tan Chin Nam"]
[Site "Beijing"]
[Date "1998.06.16"]
[Round "9"]
[White "Ye Jiangchuan"]
[Black "Magem Badals, Jorge"]
[Result "1/2-1/2"]
[WhiteElo "2530"]
[BlackElo "2535"]

1.e4 c6 2.d3 d5 3.Nd2 e5 4.Ngf3 Bd6 5.Qe2 Nf6 6.d4 exd4 7.exd5+ Be7 8.Nb3 c5
9.Bg5 O-O 10.O-O-O Nbd7 11.Re1  1/2-1/2

[Event "Tan Chin Nam"]
[Site "Beijing"]
[Date "1998.06.18"]
[Round "11"]
[White "Ye Jiangchuan"]
[Black "Xie Jun"]
[Result "0-1"]
[WhiteElo "2530"]
[BlackElo "2485"]

1.Nf3 Nf6 2.g3 g6 3.b4 Bg7 4.Bb2 O-O 5.Bg2 d6 6.d3 e5 7.O-O a5 8.a3 Na6 9.Nbd2 c5
10.bxc5 Nxc5 11.Rb1 Na4 12.Ba1 Nd5 13.Qe1 Ndc3 14.Rb3 Qc7 15.Nb1 Nxb1 16.Qxb1 Nc5
17.Rb6 Na4 18.Rb5 Rb8 19.Qb3 Nc5 20.Qc3 Bd7 21.Rbb1 Bc6 22.Qd2 b5 23.e4 Rfc8
24.h4 d5 25.exd5 Bxd5 26.Rfe1 Nd7 27.Rbc1 Qb7 28.Qe3 Nf6 29.Qe2 Re8 30.c4 bxc4
31.dxc4 Bc6 32.Rcd1 Bf8 33.Qd3 Ng4 34.Qc3 Bc5 35.Rd2 f6 36.h5 Rbd8 37.Rde2 a4
38.hxg6 hxg6 39.Qc2 Bxf3 40.Qxg6+ Kf8 41.Rb2 Bxf2+ 42.Rxf2 Qa7 43.Rf1 Rd1
44.Qc2 Rxf1+ 45.Bxf1 Qc5 46.Bc3 Kg7 47.Be1 Rh8 48.Bg2 Bxg2 49.Kxg2 Ne3+  0-1

[Event "Elista ol (Men)"]
[Site "Elista"]
[Date "1998.10.02"]
[Round "4"]
[White "Minasian, Artashes"]
[Black "Ye Jiangchuan"]
[Result "1/2-1/2"]
[WhiteElo "2620"]
[BlackElo "2510"]

1.e4 c5 2.g3 Nc6 3.Bg2 g6 4.d3 Bg7 5.f4 d6 6.Nf3 e6 7.O-O Nge7 8.c3 O-O 9.Be3 b6
10.Na3 Rb8 11.d4 d5 12.e5 c4 13.b4 b5 14.Nc2 a5 15.a3 Ra8 16.g4 Bd7 17.Qd2 Qc7
18.Bf2 axb4 19.cxb4 f5 20.exf6 Bxf6 21.Ne5 Nc8 22.Bg3 Nd6 23.f5 gxf5 24.gxf5 Bxe5
25.Bxe5 Nxe5 26.Qg5+ Kh8 27.fxe6 Nd3 28.Rxf8+ Rxf8 29.Qe7 Qd8 30.Qxd6 Bc8
31.Qxd8 Rxd8 32.e7 Re8 33.Ne3 Rxe7 34.Nxd5 Ra7 35.Rf1 Kg7 36.Nf6 Ra6 37.Ne8+ Kh6
38.Be4 Rxa3 39.h4 Ra6 40.Rf7 Kh5 41.Nc7 Ra1+ 42.Kg2 Kxh4 43.Rxh7+ Kg4 44.Bf3+ Kg5
45.Nxb5  1/2-1/2

[Event "Elista ol (Men)"]
[Site "Elista"]
[Date "1998.10.06"]
[Round "8"]
[White "Ye Jiangchuan"]
[Black "Dorfman, Josif D"]
[Result "1/2-1/2"]
[WhiteElo "2510"]
[BlackElo "2585"]

1.e4 e5 2.Nf3 Nc6 3.Bb5 a6 4.Ba4 Nf6 5.O-O Be7 6.Re1 b5 7.Bb3 d6 8.c3 O-O
9.h3 Na5 10.Bc2 c5 11.d4 Nd7 12.Nbd2 cxd4 13.cxd4 Nc6 14.Nb3 a5 15.Be3 a4
16.Nbd2 Bf6 17.d5 Nb4 18.Bb1 Nc5 19.Nf1 Nba6 20.Bc2 Nb4 21.Bb1 Nba6 22.Qd2 Bd7
23.Bc2 Qb8 24.Rac1 Bd8 25.b4 axb3 26.axb3 Bb6 27.Ra1 Qb7 28.Ng3 Nc7 29.Nh5 Rxa1
30.Rxa1 Ne8 31.Ra3 f6 32.Nh4 Rf7 33.Ng3 g6 34.Kh2 Na6 35.b4 Bxe3 36.Rxe3 Qb6
37.Ra3 Nac7 38.Bd1 Kf8 39.Bg4 Ke7 40.Bxd7 Kxd7 41.Rc3 Na6 42.Rc6 Qb7 43.Ne2 Nb8
44.Rc1 Kd8 45.Ra1 Qb6 46.Nc3 Ra7 47.Rxa7 Qxa7 48.Qe2  1/2-1/2